000 003530000a22001090004500
090 _aAS
_bSeriadas
245 1 0 _aDos nuevos hibridos naturales en Salvia (Labiatae) con potencial ornamental
041 0 _aEspañol
100 1 _aFernández Alonso, José Luis
_94621
942 _cARTICULO
773 1 _tTrianea
_kActa Científica y Tecnológica
_h4
_q329-340
_d1991
999 _c16119
_d16119